| 000 | 00474nam a2200157 i 4500 | ||
|---|---|---|---|
| 001 | 149203 | ||
| 003 | ES-MaACL | ||
| 005 | 20230906203010.0 | ||
| 007 | t| | ||
| 008 | 071019s1970 sp ||||1| spa d | ||
| 100 | 1 |
_aVelasco, Roberto. _9113738 |
|
| 245 | 1 | 0 |
_aEspaña ante la Europa unida _b: análisis del acuerdo comercial con la C.E.E. / _cRoberto Velasco. |
| 260 |
_a[Irún] : _bEthos, _c[1970] |
||
| 300 |
_a33 p. ; _c27 cm. |
||
| 852 |
_aES-MaACL _j2076-F-3 _bR.75426 |
||
| 999 |
_c149203 _d149203 |
||